00841nam a2200229 a 450000100100000000500170001000800410002704000250006808200130009310000330010624500700013926000360020930000210024549000280026650000350029450400300032950000740035983000350043304900090046895201170047799900170059400002573820200930024018.0110221s1961 sp r 001 0 spa d aDO-SdBNPbspacBNPHU ann*bnn*1 aRegatillo, Eduardo F.95253613aEl concordato español de 1953 /cP. Eduardo F. Regatillo, S. I. aSantander :bSal Terrae,c1961. a639 p. ;c25 cm.1 aBibliotheca Comillensis aIncluye índice alfabético. aBibliografía : [7]-8 p. aIncluye referencias bibliográficas y notas al pie de las páginas. 0aBibliotheca Comillensis952537 aBNGR 001054708MOaGRbGRcCTd2011-02-21iLF1l0onn* nn*p25738-10r2020-06-25w2020-06-25y4ZPréstamo en sala c25230d25230